Introducción a la petrología / (Record no. 30729)

MARC details
000 -LEADER
campo de control de longitud fija 00703nam a2200217 i 4500
001 - NÚMERO DE CONTROL
campo de control 30729
003 - IDENTIFICADOR DE NÚMERO DE CONTROL
campo de control ES-MaACL
005 - FECHA Y HORA DE LA ÚLTIMA TRANSACCIÓN
campo de control 20250910213318.0
007 - CAMPO FIJO DE DESCRIPCIÓN FÍSICA--INFORMACIÓN GENERAL
campo de control de longitud fija t|
008 - DATOS DE LONGITUD FIJA--INFORMACIÓN GENERAL
campo de control de longitud fija 030127s1972 sp ||||1| spa d
080 ## - NÚMERO DE LA CLASIFICACIÓN DECIMAL UNIVERSAL
Número de la Clasificación Decimal Universal 552 (02)
100 1# - ENTRADA PRINCIPAL--NOMBRE DE PERSONA
Nombre de persona Bayly, Brian.
9 (RLIN) 26685
245 10 - MENCIÓN DEL TÍTULO
Título Introducción a la petrología /
Mención de responsabilidad, etc. Brian Bayly ; [traducción por Antonio Cendrero Uceda ; revisado por J.M. Fuster Casas].
260 ## - PUBLICACIÓN, DISTRIBUCIÓN, ETC.
Lugar de publicación, distribución, etc. Madrid :
Nombre del editor, distribuidor, etc. Paraninfo,
Fecha de publicación, distribución, etc. 1972.
300 ## - DESCRIPCIÓN FÍSICA
Extensión 437 p. :
Otras características físicas il. ;
Dimensiones 22 cm.
650 #4 - PUNTO DE ACCESO ADICIONAL DE MATERIA--TÉRMINO DE MATERIA
Término de materia o nombre geográfico como elemento de entrada Petrología.
9 (RLIN) 15992
700 1# - ENTRADA AGREGADA--NOMBRE PERSONAL
Nombre de persona Cendrero Uceda, Antonio.
9 (RLIN) 37405
700 1# - ENTRADA AGREGADA--NOMBRE PERSONAL
Nombre de persona Fuster Casas, José María,
Fechas asociadas al nombre 1923-2000
9 (RLIN) 53084
852 ## - LOCALIZACIÓN
Ubicación ES-MaACL
Número de control de estantería C-40944
Sublocalización o colección R.80268
Holdings
Estatus retirado Estado de pérdida Estado de daño No para préstamo Biblioteca de origen Biblioteca actual Ubicación en estantería Fecha de adquisición Fuente de adquisición Total de préstamos Signatura topográfica completa Código de barras Visto por última vez Precio de reemplazo Tipo de ítem Koha
        Biblioteca del Ateneo de Madrid Biblioteca del Ateneo de Madrid Depósito 2 17/01/2008     C-40944 1031739 23/02/2023 23/02/2023 Libro impreso